| 000 | 00574cad a22001695a 4500 | ||
|---|---|---|---|
| 008 | 204103s2002 xxk f 000 0 eng d | ||
| 041 | 0 | _aeng | |
| 110 | 2 |
_aRoyal Institution of Chartered Surveyors _94900 |
|
| 245 | 0 | 0 | _aRICS Review 2001-02 |
| 260 |
_aLondon _bRICS _cDecember 2002 |
||
| 490 | 0 | _aRICS Annual Report | |
| 520 | _aReview period covers 1 August 2001 to 31 July 2002 with overview by Peter Fall, RICS President. | ||
| 650 | 2 | 4 | _aRICS ANNUAL REVIEW AND FINANCIAL STATEMENTS |
| 651 | 4 | _aInternational | |
| 690 | _aBusiness and management | ||
| 942 |
_n0 _2ddc |
||
| 999 |
_c122046 _d122046 |
||